| 000 | 02126nam0a2200397 4500 | ||
|---|---|---|---|
| 001 | RU\NLR\bibl\218249 | ||
| 005 | 20260407041334.0 | ||
| 010 |
_a5-696-01622-7 _9150 |
||
| 021 |
_aRU _b2001-32483 _91545 |
||
| 035 | _a(NLR Aleph) 000214335 | ||
| 090 |
_a1244719 _c1244719 |
||
| 100 | _a20011129d2001 |||y0rusy50 ca | ||
| 101 | 0 | _arus | |
| 102 | _aRU | ||
| 105 | _ay ||||||||| | ||
| 200 | 1 |
_aЧеловек и граница _eВолгогр. обл. Социал. паспорт и одномер. стат. распределения _fЮж.-Ур. гос. ун-т. Каф. политологии, Юго-Вост. регион. упр. погранич. службы РФ, Информ.-аналит. отд. _g[Подгот. Авдонькин В. Я. и др.]; Под ред. В. Е. Хвощева, Р. Ш. Муллаянова |
|
| 210 |
_aЧелябинск _cИзд-во Юж.-Урал. гос. ун-та _d2001 |
||
| 215 |
_a19, [1] с. _d21 |
||
| 606 | 1 |
_aГраницы государственные _xОхрана _xОбщественное мнение _xСоциологические исследования _yРоссийская Федерация _92248771 _3RU\NLR\AUTH\661348995 |
|
| 610 | 0 | _aВолгоградская область - Административно-территориальное деление | |
| 610 | 0 | _aНаселение - Социологические исследования | |
| 610 | 0 | _aВолгоградская обл., социология | |
| 675 |
_a316.3(470.45) _v3 _zrus |
||
| 686 |
_a04 _2rugasnti |
||
| 686 |
_a60.59(235.54) _2rubbk |
||
| 686 | _aС550.58 | ||
| 701 | 1 |
_aАвдонькин _bВ. Я. _4070 |
|
| 702 | 1 |
_aХвощев _bВ. Е. _4340 |
|
| 712 | 0 | 2 |
_4570 _aЮжно-Уральский государственный университет _cЧелябинск _bКафедра политологии _3RU\NLR\AUTH\8810013421 _9524730 |
| 801 | 0 |
_aRU _bRKP _c20011129 _gPSBO |
|
| 801 | 1 |
_aRU _bRKP _c20011129 |
|
| 801 | 2 |
_aRU _bNLR _c20030324 _grcr |
|
| 942 | _cBOOK | ||
| 980 | _aNB | ||